<?xml version="1.0" encoding="UTF-8"?>
<record
    xmlns:xsi="http://www.w3.org/2001/XMLSchema-instance"
    xsi:schemaLocation="http://www.loc.gov/MARC21/slim http://www.loc.gov/standards/marcxml/schema/MARC21slim.xsd"
    xmlns="http://www.loc.gov/MARC21/slim">

  <leader>01290nam a2200253   4500</leader>
  <controlfield tag="001">3606490</controlfield>
  <controlfield tag="003">AUA.1</controlfield>
  <controlfield tag="005">20160417115719.0</controlfield>
  <controlfield tag="008">730207s1972    txu           001 0 eng  </controlfield>
  <datafield tag="010" ind1=" " ind2=" ">
    <subfield code="a">   72084170 </subfield>
  </datafield>
  <datafield tag="040" ind1=" " ind2=" ">
    <subfield code="a">DLC</subfield>
    <subfield code="c">DLC</subfield>
    <subfield code="d">DLC</subfield>
  </datafield>
  <datafield tag="050" ind1="0" ind2="0">
    <subfield code="a">BS1198</subfield>
    <subfield code="b">.R87</subfield>
  </datafield>
  <datafield tag="082" ind1="0" ind2="0">
    <subfield code="a">224</subfield>
  </datafield>
  <datafield tag="100" ind1="1" ind2=" ">
    <subfield code="a">Rust, Eric Charles.</subfield>
    <subfield code="9">46956</subfield>
  </datafield>
  <datafield tag="245" ind1="1" ind2="0">
    <subfield code="a">Covenant and hope :</subfield>
    <subfield code="b">a study in the theology of the prophets /</subfield>
    <subfield code="c">[by] Eric C. Rust.</subfield>
  </datafield>
  <datafield tag="260" ind1=" " ind2=" ">
    <subfield code="a">Waco, Tex.,</subfield>
    <subfield code="b">Word Books,</subfield>
    <subfield code="c">[1972]</subfield>
  </datafield>
  <datafield tag="300" ind1=" " ind2=" ">
    <subfield code="a">192 p.</subfield>
    <subfield code="c">23 cm.</subfield>
  </datafield>
  <datafield tag="350" ind1=" " ind2=" ">
    <subfield code="a">$5.95</subfield>
  </datafield>
  <datafield tag="505" ind1=" " ind2=" ">
    <subfield code="a"> 	Hebrew prophetism and the emergence of the classical prophets --
Righteousness of God and the Day of Yahweh --
Covenant love of Yahweh --
Lord of history and the Holy One of Israel --
Hope of an individual covenant --
Divine presence and the re-creating Spirit --
Redeemer of Israel and the suffering servant --
Descent of the Spirit and the figure of the Son of Man --
Prophetic testimony as Christian revelation.</subfield>
  </datafield>
  <datafield tag="650" ind1=" " ind2="0">
    <subfield code="a">Prophets.</subfield>
    <subfield code="9">46957</subfield>
  </datafield>
  <datafield tag="906" ind1=" " ind2=" ">
    <subfield code="a">7</subfield>
    <subfield code="b">cbc</subfield>
    <subfield code="c">orignew</subfield>
    <subfield code="d">2</subfield>
    <subfield code="e">opcn</subfield>
    <subfield code="f">19</subfield>
    <subfield code="g">y-gencatlg</subfield>
  </datafield>
  <datafield tag="942" ind1=" " ind2=" ">
    <subfield code="2">lcc</subfield>
    <subfield code="c">BOOK</subfield>
    <subfield code="h">BS 1198</subfield>
    <subfield code="i">.R87 1972</subfield>
  </datafield>
  <datafield tag="999" ind1=" " ind2=" ">
    <subfield code="c">13335</subfield>
    <subfield code="d">13335</subfield>
  </datafield>
  <datafield tag="952" ind1=" " ind2=" ">
    <subfield code="0">0</subfield>
    <subfield code="1">0</subfield>
    <subfield code="2">lcc</subfield>
    <subfield code="4">0</subfield>
    <subfield code="7">0</subfield>
    <subfield code="8">Books</subfield>
    <subfield code="a">AUA.1</subfield>
    <subfield code="b">AUA.1</subfield>
    <subfield code="c">GS</subfield>
    <subfield code="d">2014-09-30</subfield>
    <subfield code="e">Donation, Theological Book Network</subfield>
    <subfield code="g">15.00</subfield>
    <subfield code="h">AUA016302</subfield>
    <subfield code="l">1</subfield>
    <subfield code="o">BS 1198 .R87 1972</subfield>
    <subfield code="p">AUA016302</subfield>
    <subfield code="r">2016-05-16 00:00:00</subfield>
    <subfield code="s">2016-05-13</subfield>
    <subfield code="v">15.00</subfield>
    <subfield code="w">2014-09-30</subfield>
    <subfield code="y">BOOK</subfield>
  </datafield>
</record>
